Sikshadanor padhati aru kaushal (Record no. 4523)

MARC details
000 -LEADER
fixed length control field 00626cam a2200229ua 4500
008 - FIXED-LENGTH DATA ELEMENTS--GENERAL INFORMATION
fixed length control field 120821n ii |||gr||||Z||||||asm
040 ## - CATALOGING SOURCE
Transcribing agency MAIN
082 ## - DEWEY DECIMAL CLASSIFICATION NUMBER
Classification number 371.3
100 ## - MAIN ENTRY--PERSONAL NAME
Personal name Sonowal, Puranjoy,
Relator term
245 11 - TITLE STATEMENT
Title Sikshadanor padhati aru kaushal
Statement of responsibility, etc. by Puranjoy Sonowal
250 ## - EDITION STATEMENT
Edition statement 1st.
260 ## - PUBLICATION, DISTRIBUTION, ETC.
Place of publication, distribution, etc. Golaghat:
Name of publisher, distributor, etc. Saraswati prakashan,
Date of publication, distribution, etc. 2010.
300 ## - PHYSICAL DESCRIPTION
Extent 510p.
700 ## - ADDED ENTRY--PERSONAL NAME
Personal name Goswami, Lukumoni,
Relator term
700 ## - ADDED ENTRY--PERSONAL NAME
Personal name Neog, Mukunda,
Relator term
942 ## - ADDED ENTRY ELEMENTS (KOHA)
Koha item type Books
653 ## - INDEX TERM--UNCONTROLLED
Uncontrolled term Education
653 ## - INDEX TERM--UNCONTROLLED
Uncontrolled term Method of teaching
653 ## - INDEX TERM--UNCONTROLLED
Uncontrolled term Techniques of teaching
653 ## - INDEX TERM--UNCONTROLLED
Uncontrolled term Sikshadanor padhati aru kaushal
Holdings
Withdrawn status Lost status Damaged status Not for loan Home library Current library Shelving location Date acquired Total Checkouts Full call number Barcode Date last seen Copy number Price effective from Koha item type
        Central Library, Naharkatiya College Central Library, Naharkatiya College General Stacks 19/09/2020   371.3Education | SON 20664 19/09/2020 1 19/09/2020 Books

Naharkatiya College © 2020. All rights reserved.

Powered By